[Event "Roquetas de Mar op 35th"]
[Site "Roquetas de Mar"]
[Date "2024.01.07"]
[Round "9"]
[White "Korneev, Oleg"]
[Black "Suarez Uriel, Adrian"]
[Result "1/2-1/2"]
[WhiteElo "2474"]
[BlackElo "2365"]
[PlyCount "89"]
[EventDate "2024.01.02"]
[EventType "swiss"]
[EventRounds "9"]
[EventCountry "ESP"]
[SourceTitle "CB02_2024"]
[SourceDate "2024.01.10"]
[SourceVersion "1"]
[SourceVersionDate "2024.01.10"]
[SourceQuality "1"]

1. e4 c5 2. Nf3 d6 3. d4 cxd4 4. Nxd4 Nf6 5. Nc3 a6 6. Be3 e5 7. Nf3 Be7 8. Bc4 0-0 9. 0-0 Nc6 10. Bb3 Be6 11. Qe2 h6 12. Rfd1 Rc8 13. Nd5 Bxd5 14. Bxd5 Nxd5 15. Rxd5 f5 16. exf5 Rxf5 17. Qc4 Nd4 18. Rc5+ d5 19. Rxc8 Nxf3+ 20. gxf3 dxc4 21. Rxd8+ Bxd8 22. Rd1 Bg5 23. Bxg5 Rxg5+ 24. Kf1 Rh5 25. Rd7 b5 26. Ra7 Rxh2 27. Kg1 Rh4 28. Rxa6 Rd4 29. Ra5 Rd2 30. Rxb5 Rxc2 31. a4 c3 32. bxc3 Rxc3 33. Kg2 Rc4 34. a5 e4 35. f4 Ra4 36. Kg3 Ra2 37. f5 h5 38. f6 gxf6 39. Rxh5 Kf7 40. Kf4 Rxf2+ 41. Kxe4 Ke6 42. Kd4 Kd6 43. Kc4 Kc6 44. Rh7 Rf4+ 45. Kd3 1/2-1/2

[Event "Roquetas de Mar op 35th"]
[Site "Roquetas de Mar"]
[Date "2024.01.02"]
[Round "1"]
[White "Korneev, Oleg"]
[Black "Lazaro Azcutia, Miguel"]
[Result "1-0"]
[WhiteElo "2474"]
[BlackElo "2044"]
[PlyCount "88"]
[EventDate "2024.01.02"]
[EventType "swiss"]
[EventRounds "9"]
[EventCountry "ESP"]
[SourceTitle "CB02_2024"]
[SourceDate "2024.01.10"]
[SourceVersion "1"]
[SourceVersionDate "2024.01.10"]
[SourceQuality "1"]

1. e4 e5 2. Nf3 Nc6 3. Bb5 a6 4. Ba4 Nf6 5. 0-0 Be7 6. Re1 b5 7. Bb3 0-0 8. c3 d5 9. d4 exd4 10. e5 Ne4 11. cxd4 Bf5 12. Nc3 Nxc3 13. bxc3 Qd7 14. Bg5 Bxg5 15. Nxg5 h6 16. Nf3 Na5 17. Nh4 Bh7 18. Bc2 Bxc2 19. Qxc2 Nc4 20. f4 Qg4 21. Qf2 f5 22. h3 Qh5 23. Kh2 Rab8 24. Re2 b4 25. cxb4 Rxb4 26. Rg1 Rfb8 27. g4 fxg4 28. hxg4 Qe8 29. Qf3 c6 30. f5 Rb2 31. Rgg2 Qd8 32. f6 gxf6 33. Qf5 Rxe2 34. Qg6+ Kh8 35. Rxe2 fxe5 36. Qxh6+ Kg8 37. Rf2 Rb7 38. Qe6+ Kg7 39. Kg3 Nd6 40. Qxd6 Qxd6 41. Nf5+ Kg6 42. Nxd6 Re7 43. Nf5 Re8 44. Rc2 exd4 1-0

[Event "Las Palmas San Mateo CC op 1st"]
[Site "Las Palmas"]
[Date "2023.12.08"]
[Round "8"]
[White "Korneev, Oleg"]
[Black "Doluhanova, Evgeniya"]
[Result "1/2-1/2"]
[WhiteElo "2469"]
[BlackElo "2162"]
[PlyCount "75"]
[EventDate "2023.12.04"]
[EventType "swiss"]
[EventRounds "9"]
[EventCountry "ESP"]
[SourceTitle "CB50_2023"]
[SourceDate "2023.12.13"]
[SourceVersion "1"]
[SourceVersionDate "2023.12.13"]
[SourceQuality "1"]

1. e4 e5 2. Nf3 Nc6 3. Bb5 Nf6 4. 0-0 Nxe4 5. d4 Nd6 6. Bxc6 dxc6 7. dxe5 Nf5 8. Qxd8+ Kxd8 9. h3 Be7 10. Nc3 Nh4 11. Nxh4 Bxh4 12. Be3 Ke8 13. Rad1 b6 14. Ne2 c5 15. Nf4 Bf5 16. c4 h5 17. f3 Rd8 18. g4 Rxd1 19. Rxd1 hxg4 20. hxg4 Bc8 21. Kg2 Be7 22. b3 Bb7 23. Nd5 Bd8 24. Bf4 Rf8 25. a4 Bc6 26. Bg3 Rh8 27. Bf4 Rf8 28. Rh1 Kd7 29. Bg3 Bxd5 30. cxd5 c6 31. dxc6+ Kxc6 32. f4 g6 33. Kf3 a6 34. Ke4 b5 35. axb5+ Kxb5 36. Rd1 Bc7 37. f5 gxf5+ 38. gxf5 1/2-1/2

[Event "Heusenstamm Schloss op"]
[Site "Heusenstamm"]
[Date "2023.11.26"]
[Round "6"]
[White "Korneev, Oleg"]
[Black "Siegert, Gregor"]
[Result "1-0"]
[WhiteElo "2470"]
[BlackElo "2109"]
[PlyCount "71"]
[EventDate "2023.11.23"]
[EventType "swiss"]
[EventRounds "7"]
[EventCountry "GER"]
[SourceTitle "CB48_2023"]
[SourceDate "2023.11.29"]
[SourceVersion "1"]
[SourceVersionDate "2023.11.29"]
[SourceQuality "1"]

1. e4 c5 2. Nf3 e6 3. d4 cxd4 4. Nxd4 Nc6 5. Nc3 Qc7 6. Be2 a6 7. 0-0 Nf6 8. Be3 Bb4 9. Na4 0-0 10. c4 Bd6 11. g3 Nxe4 12. Bf3 f5 13. Bxe4 fxe4 14. c5 Be7 15. Qg4 Qe5 16. Nxc6 bxc6 17. Rfd1 a5 18. Bd4 Qg5 19. Qxg5 Bxg5 20. Nc3 Rb8 21. Nxe4 Be7 22. f4 Rb4 23. a3 Rc4 24. Rac1 Ba6 25. b3 Rxc1 26. Rxc1 Bd3 27. Nd2 Rb8 28. Kf2 a4 29. Ke3 Bb5 30. b4 g5 31. Be5 Rf8 32. Ne4 gxf4+ 33. gxf4 Rf7 34. Rd1 Bc4 35. Nd6 Bxd6 36. Rg1+ 1-0

[Event "Heusenstamm Schloss op"]
[Site "Heusenstamm"]
[Date "2023.11.25"]
[Round "4"]
[White "Haack, Kevin"]
[Black "Korneev, Oleg"]
[Result "1/2-1/2"]
[WhiteElo "2302"]
[BlackElo "2470"]
[PlyCount "28"]
[EventDate "2023.11.23"]
[EventType "swiss"]
[EventRounds "7"]
[EventCountry "GER"]
[SourceTitle "CB48_2023"]
[SourceDate "2023.11.29"]
[SourceVersion "1"]
[SourceVersionDate "2023.11.29"]
[SourceQuality "1"]

1. Nf3 d5 2. d4 Nf6 3. c4 c6 4. cxd5 cxd5 5. Nc3 Nc6 6. e3 Bf5 7. Ne5 Nd7 8. Nxc6 bxc6 9. Bd3 Bxd3 10. Qxd3 e6 11. 0-0 Be7 12. b3 c5 13. Bb2 cxd4 14. Qxd4 Bf6 1/2-1/2

[Event "Heusenstamm Schloss op"]
[Site "Heusenstamm"]
[Date "2023.11.25"]
[Round "5"]
[White "Krause, Benedict"]
[Black "Korneev, Oleg"]
[Result "1/2-1/2"]
[WhiteElo "2394"]
[BlackElo "2470"]
[PlyCount "20"]
[EventDate "2023.11.23"]
[EventType "swiss"]
[EventRounds "7"]
[EventCountry "GER"]
[SourceTitle "CB48_2023"]
[SourceDate "2023.11.29"]
[SourceVersion "1"]
[SourceVersionDate "2023.11.29"]
[SourceQuality "1"]

1. e4 e5 2. Nf3 Nc6 3. Bc4 Bc5 4. c3 Nf6 5. d3 a6 6. 0-0 Ba7 7. a4 d6 8. Re1 0-0 9. h3 h6 10. Nbd2 Be6 1/2-1/2

[Event "ESP-chT Rapid"]
[Site "Ubeda"]
[Date "2023.09.23"]
[Round "4.2"]
[White "Korneev, Oleg"]
[Black "Fernandez Barrera, Victor"]
[Result "0-1"]
[WhiteElo "2463"]
[BlackElo "2242"]
[PlyCount "82"]
[EventDate "2023.09.23"]
[EventType "team-swiss (rapid)"]
[EventRounds "9"]
[EventCountry "ESP"]
[SourceTitle "EXT 2024"]
[Source "ChessBase"]
[SourceDate "2023.10.10"]
[SourceVersion "1"]
[SourceVersionDate "2023.10.10"]
[SourceQuality "1"]
[WhiteTeam "Solvay"]
[BlackTeam "Excalibur"]
[WhiteTeamCountry "ESP"]
[BlackTeamCountry "ESP"]

1. e4 c5 2. Nf3 Nc6 3. d4 cxd4 4. Nxd4 g6 5. c4 Bg7 6. Be3 Nf6 7. Nc3 Ng4 8. Qxg4 Nxd4 9. Qd1 Ne6 10. Bd3 Qa5 11. Rc1 b6 12. 0-0 Bb7 13. Qd2 g5 14. Bb1 h5 15. b3 h4 16. h3 Be5 17. Rfd1 d6 18. Qb2 f6 19. b4 Bxc3 20. Rxc3 Qe5 21. Qc2 g4 22. hxg4 h3 23. g3 h2+ 24. Kh1 Ng5 25. Bxg5 fxg5 26. Rf3 0-0-0 27. Rf5 Qe6 28. Rxg5 Rdf8 29. Qe2 Kb8 30. a4 Rc8 31. Bd3 Rh6 32. a5 Rxc4 33. f3 Rxb4 34. axb6 Rxb6 35. Rh5 Rxh5 36. gxh5 Qh3 37. Qxh2 Qe6 38. h6 Qf6 39. h7 Qxf3+ 40. Qg2 Qh5+ 41. Qh3 Bxe4+ 0-1

[Event "ESP-chT Rapid"]
[Site "Ubeda"]
[Date "2023.09.23"]
[Round "3.2"]
[White "Santos Latasa, Jaime"]
[Black "Korneev, Oleg"]
[Result "1-0"]
[WhiteElo "2647"]
[BlackElo "2463"]
[PlyCount "59"]
[EventDate "2023.09.23"]
[EventType "team-swiss (rapid)"]
[EventRounds "9"]
[EventCountry "ESP"]
[SourceTitle "EXT 2024"]
[Source "ChessBase"]
[SourceDate "2023.10.10"]
[SourceVersion "1"]
[SourceVersionDate "2023.10.10"]
[SourceQuality "1"]
[WhiteTeam "Extremadura Magic"]
[BlackTeam "Solvay"]
[WhiteTeamCountry "ESP"]
[BlackTeamCountry "ESP"]

1. Nf3 d5 2. e3 Nf6 3. c4 c6 4. d4 Bf5 5. Nc3 e6 6. Nh4 Be4 7. f3 Bg6 8. Bd2 Be7 9. Nxg6 hxg6 10. Qc2 a6 11. 0-0-0 c5 12. cxd5 exd5 13. dxc5 Bxc5 14. g4 Nc6 15. g5 Ng8 16. e4 d4 17. Nd5 Rc8 18. Kb1 Ba7 19. Qb3 Nge7 20. Qxb7 Nxd5 21. exd5 Rc7 22. Qb3 Ne7 23. Bf4 Nxd5 24. Bxc7 Nxc7 25. Re1+ Kf8 26. Bc4 Qxg5 27. Qb7 Qd8 28. Qxa7 Rh5 29. Rd1 Nb5 30. Qxf7# 1-0

[Event "ESP-chT CECLUB Honor"]
[Site "Linares"]
[Date "2023.09.21"]
[Round "6.2"]
[White "Fier, Alexandr"]
[Black "Korneev, Oleg"]
[Result "0-1"]
[WhiteElo "2592"]
[BlackElo "2463"]
[PlyCount "107"]
[EventDate "2023.09.16"]
[EventType "team-tourn"]
[EventRounds "7"]
[EventCountry "ESP"]
[SourceTitle "EXT 2024"]
[Source "ChessBase"]
[SourceDate "2023.10.10"]
[SourceVersion "1"]
[SourceVersionDate "2023.10.10"]
[SourceQuality "1"]
[WhiteTeam "Casablanca MyInvestor"]
[BlackTeam "Solvay"]
[WhiteTeamCountry "ESP"]
[BlackTeamCountry "ESP"]

1. d4 d5 2. c4 e6 3. Nf3 Nf6 4. g3 dxc4 5. Bg2 Bd7 6. Nbd2 b5 7. a4 c6 8. 0-0 Be7 9. Qc2 Na6 10. axb5 Nb4 11. Qxc4 cxb5 12. Qb3 a5 13. Ne5 a4 14. Qd1 Rc8 15. e3 0-0 16. Ne4 Nc2 17. Rb1 b4 18. Bd2 Bb5 19. Rc1 b3 20. Nc3 Bxf1 21. Kxf1 Qb6 22. Nd3 a3 23. bxa3 Qa6 24. Qe2 Nxa3 25. Nb2 Qxe2+ 26. Kxe2 Nc4 27. Nxc4 Rxc4 28. Rb1 Rb8 29. Kd3 Rcc8 30. Bc1 h5 31. h3 Rd8 32. Bf3 e5 33. Bd1 exd4 34. exd4 Bc5 35. Ne2 Bxd4 36. Nxd4 Rxd4+ 37. Kxd4 Rd8+ 38. Kc3 Rxd1 39. Kxb3 Rf1 40. Kc4 Rxf2 41. Bf4 h4 42. Kd4 hxg3 43. Bxg3 Rf3 44. Be5 Nd7 45. Rh1 Nxe5 46. Kxe5 g5 47. Rg1 f6+ 48. Ke6 Kh7 49. h4 gxh4 50. Rg4 h3 51. Kd5 Kh6 52. Rg8 f5 53. Ke5 Kh5 54. Kd4 0-1

[Event "San Cristobal op 5th"]
[Site "San Cristobal de La Laguna"]
[Date "2023.09.01"]
[Round "8"]
[White "Korneev, Oleg"]
[Black "Garcia Blanco, Omar"]
[Result "1-0"]
[WhiteElo "2473"]
[BlackElo "2404"]
[PlyCount "115"]
[EventDate "2023.08.26"]
[EventType "swiss"]
[EventRounds "9"]
[EventCountry "ESP"]
[SourceTitle "EXT 2024"]
[Source "ChessBase"]
[SourceDate "2023.10.10"]
[SourceVersion "1"]
[SourceVersionDate "2023.10.10"]
[SourceQuality "1"]

1. d4 f5 2. Nf3 Nf6 3. Bf4 g6 4. e3 Bg7 5. Be2 d6 6. h3 0-0 7. 0-0 Qe8 8. Bh2 Ne4 9. Nbd2 Nxd2 10. Qxd2 Kh8 11. Rfd1 e5 12. dxe5 dxe5 13. Qa5 Nc6 14. Qxc7 e4 15. Nd4 Nxd4 16. exd4 f4 17. Bxf4 Rf7 18. Qd6 Bxh3 19. Be5 Bf5 20. Bc4 Rd7 21. Bxg7+ Kxg7 22. Qf4 Qe7 23. Rd2 Rf8 24. Rad1 g5 25. Qe3 Rd6 26. d5 Qe5 27. Be2 Rff6 28. c4 Rh6 29. Qd4 Qxd4 30. Rxd4 Rh4 31. g3 Rh3 32. Bf1 Rh5 33. Re1 Kf6 34. Bg2 Ke5 35. Rd2 g4 36. Rde2 Kd4 37. b3 b5 38. Bxe4 Rdh6 39. Rd1+ Kc5 40. Bg2 bxc4 41. bxc4 Bd7 42. Re7 Rd6 43. Rb1 Kxc4 44. Rb7 Bf5 45. Rxa7 Rb6 46. Reb7 Rhh6 47. a4 Kd4 48. a5 Rxb7 49. Rxb7 Ra6 50. Rb4+ Kc3 51. Ra4 Bd7 52. Bf1 Ra7 53. Rc4+ Kb3 54. d6 Rxa5 55. Rc7 Bf5 56. Rb7+ Ka4 57. d7 Rd5 58. Rb5 1-0

[Event "San Cristobal op 5th"]
[Site "San Cristobal de La Laguna"]
[Date "2023.08.28"]
[Round "4"]
[White "Korneev, Oleg"]
[Black "Lu, Miaoyi"]
[Result "1/2-1/2"]
[WhiteElo "2473"]
[BlackElo "2226"]
[PlyCount "90"]
[EventDate "2023.08.26"]
[EventType "swiss"]
[EventRounds "9"]
[EventCountry "ESP"]
[SourceTitle "EXT 2024"]
[Source "ChessBase"]
[SourceDate "2023.10.10"]
[SourceVersion "1"]
[SourceVersionDate "2023.10.10"]
[SourceQuality "1"]

1. e4 c5 2. Nf3 e6 3. d4 cxd4 4. Nxd4 Nf6 5. Nc3 Nc6 6. Ndb5 Bb4 7. a3 Bxc3+ 8. Nxc3 d5 9. exd5 exd5 10. Bd3 0-0 11. 0-0 Bg4 12. f3 Bh5 13. Bg5 Qb6+ 14. Kh1 Ne4 15. Nxe4 dxe4 16. Bxe4 Qxb2 17. Qd6 Bg6 18. Rab1 Qc3 19. Rxb7 Bxe4 20. fxe4 Qc4 21. Qd3 Ne5 22. Qxc4 Nxc4 23. Be7 Rfc8 24. h3 Nd2 25. Rd1 Nxe4 26. Kh2 a5 27. Rd4 Nc5 28. Bxc5 Rxc5 29. c4 g6 30. Rb5 Rac8 31. Rd8+ Rxd8 32. Rxc5 Rd4 33. a4 Kf8 34. Kg3 Ke7 35. Kf3 Kd6 36. Rxa5 Rxc4 37. Ra7 Ke6 38. a5 Ra4 39. a6 h5 40. g3 Kf6 41. h4 Kg7 42. Ke3 Rg4 43. Kf3 Ra4 44. Ke3 Rg4 45. Kf3 Ra4 1/2-1/2

[Event "Bodenmais Arber op 10th"]
[Site "Bodenmais"]
[Date "2023.08.13"]
[Round "9"]
[White "Gusain, Himal"]
[Black "Korneev, Oleg"]
[Result "1/2-1/2"]
[WhiteElo "2419"]
[BlackElo "2473"]
[PlyCount "70"]
[EventDate "2023.08.05"]
[EventType "swiss"]
[EventRounds "9"]
[EventCountry "GER"]
[SourceTitle "EXT 2024"]
[Source "ChessBase"]
[SourceDate "2023.10.10"]
[SourceVersion "1"]
[SourceVersionDate "2023.10.10"]
[SourceQuality "1"]

1. e4 e5 2. Nf3 Nc6 3. Bc4 Bc5 4. c3 Nf6 5. d3 0-0 6. 0-0 d6 7. a4 a6 8. Re1 Ba7 9. h3 Ne7 10. d4 Ng6 11. Nbd2 h6 12. Nf1 c6 13. Bb3 Re8 14. Ng3 Be6 15. Bc2 Qc7 16. Be3 Rad8 17. Qc1 Kh7 18. a5 Qc8 19. Kh2 Bb8 20. dxe5 dxe5 21. b4 Bc7 22. Qb2 Kg8 23. Rad1 Rxd1 24. Rxd1 Rd8 25. Qc1 Rxd1 26. Qxd1 Qd7 27. Qf1 Ne8 28. Nd2 Nd6 29. Nb3 Nc4 30. Bc1 Bd6 31. Nf5 Bf8 32. Ne3 Nxe3 33. Bxe3 Nf4 34. Nc5 Bxc5 35. Bxc5 Qd2 1/2-1/2

[Event "Bodenmais Arber op 10th"]
[Site "Bodenmais"]
[Date "2023.08.09"]
[Round "5"]
[White "Korneev, Oleg"]
[Black "Gloeckler, Christian"]
[Result "1-0"]
[WhiteElo "2473"]
[BlackElo "2318"]
[PlyCount "113"]
[EventDate "2023.08.05"]
[EventType "swiss"]
[EventRounds "9"]
[EventCountry "GER"]
[SourceTitle "EXT 2024"]
[Source "ChessBase"]
[SourceDate "2023.10.10"]
[SourceVersion "1"]
[SourceVersionDate "2023.10.10"]
[SourceQuality "1"]

1. e4 c5 2. Nf3 d6 3. Bb5+ Nd7 4. 0-0 Ngf6 5. Re1 a6 6. Bf1 g6 7. d4 cxd4 8. Qxd4 Bg7 9. c4 0-0 10. Nc3 b6 11. h3 Bb7 12. Qe3 Rc8 13. Rb1 e6 14. Qf4 Qc7 15. Bd2 Rfe8 16. Rbc1 Qb8 17. Rcd1 Bc6 18. Bc1 b5 19. cxb5 axb5 20. a3 Ne5 21. Nd4 b4 22. Nxc6 Rxc6 23. Nb5 d5 24. exd5 Nxd5 25. Qg3 Nd7 26. Qxb8 Rxb8 27. axb4 Nf8 28. Na7 Rc2 29. b5 Bxb2 30. Nc6 Rb7 31. Bd3 Rxc1 32. Rxc1 Bxc1 33. Rxc1 Rc7 34. Ra1 Nd7 35. Bc4 N7b6 36. Bxd5 Nxd5 37. Ra8+ Kg7 38. Ra7 Rxa7 39. Nxa7 Nb6 40. Nc6 Kf6 41. f4 Kf5 42. g3 Nc4 43. Kf2 e5 44. fxe5 Nxe5 45. g4+ Ke6 46. Nxe5 Kxe5 47. g5 Kd5 48. Ke3 Kc5 49. Ke4 Kxb5 50. Ke5 Kc4 51. Kf6 Kd5 52. Kxf7 Ke4 53. Kg7 Kf4 54. h4 Kg4 55. Kxh7 Kh5 56. Kg7 Kxh4 57. Kxg6 1-0

[Event "Bodenmais Arber op 10th"]
[Site "Bodenmais"]
[Date "2023.08.07"]
[Round "3"]
[White "Korneev, Oleg"]
[Black "Pierecker, Markus"]
[Result "1-0"]
[WhiteElo "2473"]
[BlackElo "2230"]
[PlyCount "41"]
[EventDate "2023.08.05"]
[EventType "swiss"]
[EventRounds "9"]
[EventCountry "GER"]
[SourceTitle "EXT 2024"]
[Source "ChessBase"]
[SourceDate "2023.10.10"]
[SourceVersion "1"]
[SourceVersionDate "2023.10.10"]
[SourceQuality "1"]

1. e4 c5 2. Nf3 e6 3. d4 cxd4 4. Nxd4 a6 5. Bd3 Nf6 6. 0-0 Qc7 7. Qe2 d6 8. c4 g6 9. Nc3 Bg7 10. Rd1 0-0 11. Nf3 Nc6 12. h3 Nd7 13. Bd2 Nde5 14. Rac1 Bd7 15. b3 Rac8 16. Bb1 Rfd8 17. Bg5 f6 18. Be3 Nxf3+ 19. Qxf3 Ne5 20. Qe2 Be8 21. f4 1-0

[Event "Parnu Keres Memorial Rapid op 4th"]
[Site "Parnu"]
[Date "2023.07.30"]
[Round "6"]
[White "Korneev, Oleg"]
[Black "Kekelidze, Mikheil"]
[Result "0-1"]
[WhiteElo "2474"]
[BlackElo "2331"]
[PlyCount "114"]
[EventDate "2023.07.30"]
[EventType "swiss (rapid)"]
[EventRounds "7"]
[EventCountry "EST"]
[SourceTitle "CBM 215 Extra"]
[Source "ChessBase"]
[SourceDate "2023.09.30"]
[SourceVersion "1"]
[SourceVersionDate "2023.09.30"]
[SourceQuality "1"]

1. e4 c5 2. Nf3 e6 3. d4 cxd4 4. Nxd4 a6 5. Bd3 Qb6 6. Nf3 d6 7. 0-0 Nd7 8. c4 Ngf6 9. Nc3 Qc7 10. Qe2 b6 11. Bf4 Ne5 12. Rac1 Bb7 13. b3 Be7 14. Nxe5 dxe5 15. Be3 Nd7 16. Na4 Nc5 17. Nxc5 Bxc5 18. Rfd1 0-0 19. f3 a5 20. Qf2 f5 21. Bxc5 bxc5 22. exf5 exf5 23. Bf1 Rad8 24. Rxd8 Rxd8 25. Re1 e4 26. fxe4 Bxe4 27. Qe3 Qd6 28. Be2 Qd4 29. Bf3 Bxf3 30. gxf3 a4 31. Qxd4 Rxd4 32. Kg2 Rd2+ 33. Kg3 Rxa2 34. bxa4 Rxa4 35. Re5 Rxc4 36. Rxf5 Rc1 37. h4 c4 38. Rc5 c3 39. Rc7 Kf8 40. Kg2 Ke8 41. Rxg7 Kd8 42. Rg4 Kd7 43. Rc4 Kd6 44. f4 Kd5 45. Rc8 Ke4 46. Rc4+ Kd3 47. Rc8 Ra1 48. Rd8+ Ke4 49. Rc8 Ra2+ 50. Kg3 c2 51. Kg4 Kd3 52. Kg5 Ra4 53. Rxc2 Kxc2 54. f5 Kd3 55. f6 Ra7 56. Kf5 Kd4 57. Ke6 Ke4 0-1

[Event "Parnu Keres Memorial op"]
[Site "Parnu"]
[Date "2023.07.25"]
[Round "3"]
[White "Korneev, Oleg"]
[Black "Vingris, Mikelis"]
[Result "1-0"]
[WhiteElo "2474"]
[BlackElo "2122"]
[PlyCount "67"]
[EventDate "2023.07.24"]
[EventType "swiss"]
[EventRounds "9"]
[EventCountry "EST"]
[SourceTitle "CBM 215 Extra"]
[Source "ChessBase"]
[SourceDate "2023.09.30"]
[SourceVersion "1"]
[SourceVersionDate "2023.09.30"]
[SourceQuality "1"]

1. d4 Nf6 2. Nf3 c5 3. d5 b5 4. Bg5 Bb7 5. Bxf6 gxf6 6. e4 a6 7. c4 bxc4 8. Bxc4 d6 9. Nc3 Nd7 10. 0-0 h5 11. Nh4 Ne5 12. Bb3 Qb6 13. Ba4+ Kd8 14. Nf5 Bc8 15. Rb1 a5 16. Bb5 Ba6 17. a4 Bxb5 18. Nxb5 Kd7 19. Qd2 e6 20. Ne3 c4 21. Kh1 Rc8 22. Rbc1 Bh6 23. f4 Rhd8 24. Rc3 Ng4 25. Nxc4 Rxc4 26. Rxc4 Ne3 27. Rc7+ Qxc7 28. Nxc7 Nxf1 29. Qxa5 Bxf4 30. Qa7 Be3 31. Qb7 Ke7 32. dxe6 Rh8 33. Nd5+ Kf8 34. Qxf7# 1-0

[Event "POR-chT"]
[Site "Sao Joao da Madeira"]
[Date "2023.07.19"]
[Round "4.3"]
[White "Korneev, Oleg"]
[Black "Cumming, Rhys"]
[Result "1-0"]
[WhiteElo "2474"]
[BlackElo "2337"]
[PlyCount "123"]
[EventDate "2023.07.17"]
[EventType "team-tourn"]
[EventRounds "9"]
[EventCountry "POR"]
[SourceTitle "CBM 215 Extra"]
[Source "ChessBase"]
[SourceDate "2023.09.30"]
[SourceVersion "1"]
[SourceVersionDate "2023.09.30"]
[SourceQuality "1"]
[WhiteTeam "EPGaia"]
[BlackTeam "Montemor o Velho"]
[WhiteTeamCountry "POR"]
[BlackTeamCountry "POR"]

1. e4 e5 2. Nf3 Nc6 3. Bc4 Nf6 4. d3 Bc5 5. Bg5 h6 6. Bh4 Be7 7. Bg3 d6 8. a4 0-0 9. c3 Be6 10. Bxe6 fxe6 11. Nbd2 Nh5 12. Nxe5 Nxe5 13. Bxe5 dxe5 14. Qxh5 Qxd3 15. Qe2 Rad8 16. Nc4 Bc5 17. Qxd3 Rxd3 18. Ke2 Rfd8 19. f3 a6 20. Rhd1 Rxd1 21. Rxd1 Rxd1 22. Kxd1 Bg1 23. h3 Bh2 24. Na5 b6 25. Nc6 Kf7 26. Nb8 a5 27. b4 axb4 28. cxb4 Ke7 29. a5 bxa5 30. Nc6+ Kd7 31. Nxa5 h5 32. Ke2 Bf4 33. Kd3 h4 34. Kc4 Bg3 35. b5 Kd6 36. Nb7+ Kd7 37. Nc5+ Kd6 38. Nd3 Bh2 39. Kb3 g5 40. Kc4 Bg1 41. Kb4 Bd4 42. Ka5 Kd7 43. Ka6 Kc8 44. Nb4 Bc5 45. Nc6 Bd4 46. Ne7+ Kd7 47. Ng6 Ke8 48. Kb7 Kf7 49. Nh8+ Kg7 50. Kxc7 Kxh8 51. Kd7 Kg7 52. Kxe6 Kg6 53. Kd6 g4 54. hxg4 Kg5 55. Kc7 Kf4 56. b6 Bxb6+ 57. Kxb6 Kg3 58. g5 Kxg2 59. g6 h3 60. g7 h2 61. g8Q+ Kxf3 62. Qh7 1-0

[Event "POR-chT"]
[Site "Sao Joao da Madeira"]
[Date "2023.07.17"]
[Round "1.5"]
[White "Ferreira, Hugo Miguel da Cost"]
[Black "Korneev, Oleg"]
[Result "0-1"]
[WhiteElo "2096"]
[BlackElo "2474"]
[PlyCount "86"]
[EventDate "2023.07.17"]
[EventType "team-tourn"]
[EventRounds "9"]
[EventCountry "POR"]
[SourceTitle "CBM 215 Extra"]
[Source "ChessBase"]
[SourceDate "2023.09.30"]
[SourceVersion "1"]
[SourceVersionDate "2023.09.30"]
[SourceQuality "1"]
[WhiteTeam "Ferroviarios do Barreiro"]
[BlackTeam "EPGaia"]
[WhiteTeamCountry "POR"]
[BlackTeamCountry "POR"]

1. d4 d5 2. c4 c6 3. cxd5 cxd5 4. Nc3 Nf6 5. Nf3 Nc6 6. Bf4 a6 7. e3 Bg4 8. h3 Bh5 9. Qb3 Bxf3 10. gxf3 Na5 11. Qa4+ Nc6 12. Qb3 Ra7 13. Rd1 e6 14. e4 Bb4 15. Be3 0-0 16. Bd3 Kh8 17. a3 Be7 18. Bb1 g6 19. Qc2 Ra8 20. Ba2 Rc8 21. Qe2 Na5 22. 0-0 Nc4 23. Bxc4 Rxc4 24. Rc1 b5 25. Rfd1 Kg8 26. Bg5 Nxe4 27. fxe4 Bxg5 28. Rc2 dxe4 29. Nxe4 Rxc2 30. Qxc2 Qd5 31. Qe2 Rd8 32. Qg4 Be7 33. Nc3 Qf5 34. Qxf5 gxf5 35. d5 Bf6 36. dxe6 Rxd1+ 37. Nxd1 fxe6 38. Kf1 Kf7 39. b3 Bd4 40. Ke2 e5 41. Kd3 Ke6 42. a4 Kd5 43. axb5 e4+ 0-1

[Event "Paris-ch IdF"]
[Site "Paris"]
[Date "2023.07.14"]
[Round "5"]
[White "Korneev, Oleg"]
[Black "Macon, Arthur"]
[Result "1-0"]
[WhiteElo "2474"]
[BlackElo "2348"]
[PlyCount "75"]
[EventDate "2023.07.11"]
[EventType "swiss"]
[EventRounds "9"]
[EventCountry "FRA"]
[SourceTitle "CBM 215 Extra"]
[Source "ChessBase"]
[SourceDate "2023.09.30"]
[SourceVersion "1"]
[SourceVersionDate "2023.09.30"]
[SourceQuality "1"]

1. d4 Nf6 2. Nf3 e6 3. Bf4 c5 4. e3 cxd4 5. exd4 b6 6. Bd3 Be7 7. 0-0 0-0 8. a4 a6 9. h3 Bb7 10. Re1 d6 11. Nbd2 Nbd7 12. Nc4 Qc7 13. Ne3 Rfe8 14. Bg3 Bc6 15. c4 Be4 16. Bf1 Bf8 17. Rc1 Qb7 18. Nd2 Bg6 19. Be2 Rac8 20. Bf3 Qa7 21. b4 e5 22. Nb3 Be4 23. Bxe4 Nxe4 24. Bh4 Nef6 25. d5 a5 26. bxa5 bxa5 27. c5 dxc5 28. Nc4 Qb7 29. d6 Re6 30. Nbxa5 Qa6 31. Bxf6 Nxf6 32. Rb1 Nd7 33. Qd5 Bxd6 34. Qd2 Ra8 35. Rb5 e4 36. Rd1 Ne5 37. Nxd6 Rd8 38. Nxe4 1-0

[Event "South Wales op 18th"]
[Site "Bridgend"]
[Date "2023.07.11"]
[Round "8"]
[White "Korneev, Oleg"]
[Black "Wells, Peter K"]
[Result "1/2-1/2"]
[WhiteElo "2474"]
[BlackElo "2336"]
[PlyCount "59"]
[EventDate "2023.07.07"]
[EventType "swiss"]
[EventRounds "9"]
[EventCountry "WLS"]
[SourceTitle "CBM 215 Extra"]
[Source "ChessBase"]
[SourceDate "2023.09.30"]
[SourceVersion "1"]
[SourceVersionDate "2023.09.30"]
[SourceQuality "1"]

1. e4 e5 2. Nf3 Nc6 3. Bb5 a6 4. Ba4 Nf6 5. 0-0 Be7 6. Re1 b5 7. Bb3 d6 8. c3 0-0 9. h3 Bb7 10. d4 Re8 11. Nbd2 Bf8 12. d5 Nb8 13. Nf1 Nbd7 14. N3h2 c6 15. dxc6 Bxc6 16. Bg5 Qc7 17. Ng3 Qb7 18. Qf3 d5 19. Ng4 dxe4 20. Qf5 Nd5 21. Nxe4 h5 22. Bxd5 Bxd5 23. Ngf6+ gxf6 24. Nxf6+ Nxf6 25. Bxf6 Re6 26. Qg5+ Kh7 27. Qf5+ Kg8 28. Qg5+ Kh7 29. Qf5+ Kg8 30. Qg5+ 1/2-1/2